000 00386nam a2200157Ia 4500
008 231221s9999 xx 000 0 und d
041 _aEnglish
082 _a658.4093 HAY;1 R
100 _aHaynes, Marion, E
245 0 _aMake every minute count
250 _a3 ed
260 _c2000
_bKogan
_aNew Delhi
300 _aviii+87
650 _aMake,every,minute,count
942 _cHM
999 _c208014
_d208014